|
|
|
|
| LEADER |
00000nam0a2200000 4500 |
| 001 |
231435 |
| 005 |
20231101231102.0 |
| 035 |
|
|
|a (RuTPU)RU\TPU\book\252455
|
| 090 |
|
|
|a 231435
|
| 100 |
|
|
|a 20130201d1954 k y0rusy50 ca
|
| 101 |
0 |
|
|a rus
|
| 102 |
|
|
|a RU
|
| 105 |
|
|
|a a z 001zy
|
| 200 |
1 |
|
|a Применение комнатного топогеополигона в преподавании элементов геологического картирования и структурной геологии
|e [оттиск статьи]
|f А. А. Ларищев
|
| 210 |
|
|
|a Томск
|c Изд-во ТГУ
|d 1954
|
| 215 |
|
|
|a С. 367-376.
|c ил.
|
| 225 |
1 |
|
|a Труды Томского государственного университета
|v Т. 132
|
| 316 |
|
|
|5 63413507: КР-794
|a С автографом автора
|
| 317 |
|
|
|5 63413507: КР-794
|a Поступила в НТБ в 2004 г. в составе книжного собрания профессора ТПИ К. В. Радугина
|
| 320 |
|
|
|a Библиогр.: с. 375-376.
|
| 606 |
1 |
|
|a Геологическое картирование
|2 stltpush
|3 (RuTPU)RU\TPU\subj\6093
|9 34052
|
| 610 |
1 |
|
|a структурная геология
|
| 610 |
1 |
|
|a библиотека К. В. Радугина
|
| 610 |
1 |
|
|a дарственная надпись
|
| 675 |
|
|
|a 550.8:528(07)
|v 3
|
| 700 |
|
1 |
|a Ларищев
|b А. А.
|
| 801 |
|
1 |
|a RU
|b 63413507
|c 20130201
|
| 801 |
|
2 |
|a RU
|b 63413507
|c 20130731
|g RCR
|
| 942 |
|
|
|c BK
|